000 00823nam a2200217Ia 4500
005 20260601193247.0
008 260601s9999||||xx |||||||||||||| ||und||
020 _a978-3-031-64315-6
_qebk
100 _aAndrew M. Olney
245 0 _aArtificial Intelligence in Education. Posters and Late Breaking Results, Workshops and Tutorials, Industry and Innovation Tracks, Practitioners, Doctoral Consortium and Blue Sky
250 _a2024
260 _aHeidelberg, Germany
_bSpringer Nature
_c2024
440 _aCommunications in Computer and Information Science
650 _aComputer Science
700 _aIg Ibert Bittencourt
700 _aIrene-Angelica Chounta
700 _aOlga C. Santos
700 _aZitao Liu
856 _uhttps://link.springer.com/openurl?genre=book&isbn=978-3-031-64315-6
942 _cEB
_2ddc
999 _c56599
_d56599